00284nam a2200085Ia 4500008004100000100002400041245008200065260004200147260000900189170620s9999 xx 000 0 und d aReddy- G. Lokanadha 0aEncyclopedia of Special Education- Education of children with special needs-8 bNew Delhi- Discovery Publishing House c2006